"De vidrios rotos a vitreaux" (Registro nro. 29851)

Detalles MARC
000 -LEADER
fixed length control field 00309 a2200109 4500
001 - CONTROL NUMBER
control field ART_50861
005 - DATE AND TIME OF LATEST TRANSACTION
control field 20260410161945.0
008 - FIXED-LENGTH DATA ELEMENTS--GENERAL INFORMATION
fixed length control field 260409a
100 1# - MAIN ENTRY--PERSONAL NAME
Personal name Favier, Daniela
245 10 - TITLE STATEMENT
Title "De vidrios rotos a vitreaux"
773 0# - HOST ITEM ENTRY
Title Temas de derecho laboral
Related parts - N° 5 (mayo 2020)
Record control number REV27619

No hay ítems disponibles.